header

"Verwisch die Spuren!" (Record no. 102631)

MARC details
000 -LEADER
fixed length control field 01821nam a2200373Ia 4500
245 00 - TITLE STATEMENT
Title "Verwisch die Spuren!"
260 ## - PUBLICATION, DISTRIBUTION, ETC. (IMPRINT)
Place of publication Amsterdam :
Name of publisher Rodopi,
Year of publication 2008.
300 ## - PHYSICAL DESCRIPTION
Number of Pages 359 p. :
Other physical details ill.
490 0# - SERIES STATEMENT
Series statement Amsterdamer Beitra ge zur neueren Germanistik ;
Series statement Publications of the Institute of Germanic Studies (Institute of Germanic & Romance Studies, School of Advanced Study, University of London) ;
500 ## - GENERAL NOTE
General note Papers from a conference held at the University of London Institute of Germanic & Romance Studies in February 2006.
650 #0 - SUBJECT ADDED ENTRY--TOPICAL TERM
Topical Term German literature
700 1# - ADDED ENTRY--PERSONAL NAME
Personal name Gillett, Robert,
Personal name Weiss-Sussex, Godela.
856 40 - ELECTRONIC LOCATION AND ACCESS
Uniform Resource Identifier http://site.ebrary.com/lib/rucke/Doc?id=10380614

No items available.

© 2026 Rongo University
Contact us: librarian | system librarian | Rongo university